00741nam a22002417a 450000500170000001000130001702000220003003500130005203700160006504000120008108200130009310000230010624500390012926000490016827000410021730000200025865000170027865000310029570000100032694200220033699900190035895201220037720170124110043.0 aA-427591 c70.00a8185336296 aA-427591 bCen Lib/Ret aDPLbEN a882bDEL aDelgado, R.924070 aBest short plays /cby Delgado R. aNew DelhibAffiliated east west press c1990 bNew Delhia104, Nirmal towere110001 a310p.c21cm(Hb) aDrama924071 aEnglish literature 924072 924020 2ddccENh882mDEL c128665d128665 00104070aLbLd2015-07-03eCen Lib/Retg70.00l0o882 DELpA-427591r2015-07-03 00:00:00t1v70.00w2015-07-03yEN